000
00227nam a2200097Ia 4500
008
240625s9999 xx 000 0 und d
041
_a
eng
100
_a
SINGHANIA VINOD K
245
_a
E TDS RETURNS EXCEL VERSION
260
_c
2008
999
_c
34117
_d
34117